000 00624nam a22001937a 4500
005 20131205130428.0
008 130916s2002 ck gr f00010 spa d
041 _aspa
044 _ack
082 0 4 _a370.19
_bT69p2
245 1 0 _aPolítica Nacional de Educación Ambiental SINA
260 _aBogotá
_bMinisterio del Medio Ambiente
_bMinisterio de Educación Nacional
_c2002
300 _a48 p. ;
_c28 cm.
500 _aArgollado del año 2002
650 6 _aEducación ambiental
_z Colombia.
_92102
650 6 _aMedio ambiente
_z Colombia.
_91435
650 6 _aPolítica ambiental
_z Colombia.
_9702
942 _2ddc
_cImpreso
999 _c8012
_d8012